000 00501nam a2200181Ia 4500
003 GCL
008 140319s9999 xx 000 0 eng d
040 _aGCL /
_cGCL
082 0 4 _a658.2
_bL B
100 1 _aLEVERMARE, G. J.
245 1 0 _aBUILDING ENERGY MANAGEMENT SYSTEMS: AN APPLICATION TO HEATING AND CONTROL /
_cLEVERMARE, G. J.
260 _a[S.N] :
_bABT AKVERT SKIRA S.A ،
_c1992
300 _a322 P
650 0 4 _aENERGY
650 0 4 _aMANAGEMENT
650 0 4 _aBUILDING
942 _2ddc
_cBK
999 _c17369
_d17369